Un nuevo municipio (Registro nro. 312209)
[ vista simple ]
| 000 -ENCABEZADO | |
|---|---|
| Número de control [NR] | 00794 a2200157 4500 |
| 005 - FECHA Y HORA DE LA ÚLTIMA TRANSACCIÓN | |
| control field | 20190806102634.0 |
| 008 - DE LONGITUD FIJA DE DATOS DE ELEMENTOS - INFORMACIÓN GENERAL | |
| Elementos de longitud fija [NR] | 190509s1986 ck ||||| |||| 00| 0 spa d |
| 040 ## - FUENTE DE CATALOGACION [NR] | |
| Agencia de catalogación original [NR] | CO-BoUCM |
| Idioma de catalogación [NR] | spa |
| Quien Cataloga | Saul Niño |
| Quien Clasifica | Saul Niño |
| 110 1# - ASIENTO PRINCIPAL--NOMBRE CORPORATIVO [NR] | |
| Nombre corporativo o de jurisdicción como elemento de entrada [NR] | Colombia |
| Unidad subordinada [R] | República de Colombia, Ministerio de Gobierno |
| ID de autoridad | 96219 |
| 245 10 - MENCION DE TITULO [NR] | |
| Título [NR] | Un nuevo municipio |
| Parte restante del título [NR] | Ley 11 de 1986 por la cual se dicta el estatuto básico de la administración municipal y se ordena la participación de la comunidad en el manejo de los asuntos locales |
| Mención de responsabilidad, etc. [NR] | Reoública de Colombia, Ministerio de Gobierno |
| 260 ## - PUBLICACION, DISTRIBUCION, ETC. (PIE DE IMPRENTA) [R] | |
| Lugar de publicación, distribución, etc. [R] | Colombia |
| Nombre del editor, distribuidor, etc. [R] | República de Colombia |
| Fecha de publicación, distribución, etc. [R] | 1986 |
| 650 #7 - ASIENTO SECUNDARIO DE MATERIA - TERMINO TEMATICO [R] | |
| 9 (RLIN) | 8605 |
| Término temático o nombre geográfico como elemento de entrada [NR] | Administración municipal |
| Subdivisión general [R] | Legislación |
| 650 #7 - ASIENTO SECUNDARIO DE MATERIA - TERMINO TEMATICO [R] | |
| 9 (RLIN) | 12725 |
| Término temático o nombre geográfico como elemento de entrada [NR] | Derecho constitucional |
| 942 ## - ELEMENTOS DE ENTRADA AGREGADOS (KOHA) | |
| Tipo de ítem principal el descrito en 300a | Libro |
| Sistema de clasificación | DEWEY |
| Tema principal | Administración |
| Edición | 1 |
| Clasificación | 342.09 |
| Parte restante de la signatura top. | N964m |
| Título oculto en OPAC | No |
| Signatura topográfica | Código de barras | Última vez visto | Ejemplar | Costo de reposición | Price effective from | Tipo de ítem | Perdido | Sistema de clasificación | Dañado | No prestable | Tipo de ítem específico | Suprimido | Ubicación habitual | Ubicación actual | Localización | Fecha de creación | Proveedor | Forma de adquisición | Costo |
|---|---|---|---|---|---|---|---|---|---|---|---|---|---|---|---|---|---|---|---|
| 342.09 N964m | 100160188 | 06/12/2024 | Ej.1 | 26000.00 | 03/05/2019 | Libro | DEWEY | Libro | BodegaJK | Claustro | Préstamo 2 días después de solicitado | 03/05/2019 | 12 | Donación | 0.00 |